J. M. Synge and the Western mind /

Bibliographic Details
Main Author: Thornton, Weldon
Format: Book
Language:English
Published: New York : Harper & Row, 1979.
Series:Irish literary studies ; 4.
Subjects:

MARC

Tag First Indicator Second Indicator Subfields
LEADER 00000cam a22000008i 4500
001 in00000097284
005 20150925114647.0
008 780731s1979 nyu b 00110 eng
010 |a  78013301  
020 |a 0064968790 :  |c $22.50 
035 |a (OCoLC)04194072 
035 |9 AAL2740AM 
040 |a DLC  |c DLC  |d TXA  |d UtOrBLW 
049 |a TXAM  |c [1191384] 
050 0 0 |a PR5533  |b .T55 1979 
082 0 |a 822/.9/12 
100 1 |a Thornton, Weldon. 
245 1 0 |a J. M. Synge and the Western mind /  |c Weldon Thornton. 
264 1 |a New York :  |b Harper & Row,  |c 1979. 
300 |a 169 pages ;  |c 23 cm. 
336 |a text  |b txt  |2 rdacontent 
337 |a unmediated  |b n  |2 rdamedia 
338 |a volume  |b nc  |2 rdacarrier 
490 1 |a Irish literary studies,  |v 4 
500 |a Includes index. 
504 |a Bibliography: pages 158-164. 
600 1 0 |a Synge, J. M.  |q (John Millington),  |d 1871-1909. 
650 0 |a Authors, Irish  |y 19th century  |v Biography. 
830 0 |a Irish literary studies ;  |v 4. 
999 |a MARS 
999 f f |s 8452d33a-025d-3de8-97d7-e8f41db84628  |i 52069afc-fc0e-31c5-82d4-6d0dbb232e8a  |t 0 
952 f f |p normal  |a Texas A&M University  |b College Station  |c Sterling C. Evans Library  |d Evans: Library Stacks  |t 0  |e PR5533 .T55 1979  |h Library of Congress classification  |i unmediated -- volume  |m A14803978665 
998 f f |a PR5533 .T55 1979  |t 0  |l Evans: Library Stacks